[Libros para el baño] (Registro nro. 437132)

Detalles MARC
000 -LÍDER
Campo fijo de descripción fija 01013nam a22003017a 4500
003 - IDENTIFICADOR DEL NÚMERO DE CONTROL
Campo de control BCEG
005 - FECHA Y HORA DE LA ULTIMA TRANSACCIÓN
control field 20260325111042.0
008 - ELEMENTOS DE LONGITUD FIJA -- INFORMACIÓN GENERAL
Campo fijo de descripción fija -- Información general 260325s2021 mx |||||||||||||| 0 spa d
020 ## - ISBN
Isbn 9789962048381 (v. 1)
020 ## - ISBN
Isbn 9789962048374 (v. 3)
020 ## - ISBN
Isbn 9789962048404 (v. 4)
040 ## - FUENTE DE CATALOGACIÓN
Agencia de catalogación original BCEG
Idioma de catalogación spa
Agencia que realiza la transcripción BCEG
082 04 - NÚMERO DE CLASIFICACIÓN DECIMAL DEWEY
Número de clasificación I591
Clave de autor-Numero de item A598b
245 10 - TÍTULO PROPIAMENTE DICHO
Título [Libros para el baño]
246 ## - FORMA VARIANTE DEL TITULO
Título propiamente dicho/forma breve del título Un mágico unicornio.
246 ## - FORMA VARIANTE DEL TITULO
Título propiamente dicho/forma breve del título Un divertido dinosaurio.
246 ## - FORMA VARIANTE DEL TITULO
Título propiamente dicho/forma breve del título Un día en la jungla.
260 ## - PUBLICACIÓN, DISTRIBUCIÓN, ETC. (PIE DE IMPRENTA)
Lugar de publicación, distribución, etc. [México :
Nombre del editor, distribuidor, etc. Lexus Editores],
Fecha de publicación, distribución, etc. 2024.
300 ## - DESCRIPCIÓN FÍSICA
Extensión [8] p. :
Otros detalles físicos : il., col.
500 ## - NOTA GENERAL
Nota General La biblioteca solo cuenta con el v. 1, v. 3 y v. 4.
500 ## - NOTA GENERAL
Nota General Título tomado del catálogo del editor.
505 ## - NOTA DE CONTENIDO
Información miscelánea v. 1.
Título Un divertido dinosaurio --
Información miscelánea v. 3.
Título Un mágico unicornio --
Información miscelánea v. 4.
Título Un día en la jungla.
535 ## - NOTA DE UBICACIÓN DE ORIGINALES
Custodio Disponible en la colección infantil de 0-3 años.
541 ## - NOTA DE FUENTE INMEDIATA DE ADQUISICIÓN
Nota de fuente de adquisición Compra.
650 14 - ASIENTO SECUNDARIO DE MATERIA - TERMINO TEMÁTICO
Término temático o nombre geográfico como elemento de entrada Animales
Subdivisión de forma Libros y lecturas para niños.
650 14 - ASIENTO SECUNDARIO DE MATERIA - TERMINO TEMÁTICO
Término temático o nombre geográfico como elemento de entrada Libros para bebés.
942 ## - TIPO DE MATERIAL (KOHA)
Tipo de Item KOHA Libro
Existencias
No para Préstamo Colección Biblioteca de Origen Biblioteca Permanente Fecha de Adquisición Fuente de Adquisicion Total de Préstamos Signatura Topográfica Código de Barras Última vez visto Ejemplar Tipo de Material
Material en Reserva Infantil Biblioteca Central Estatal de Guanajuato, "Wigberto Jiménez Moreno" Biblioteca Central Estatal de Guanajuato, "Wigberto Jiménez Moreno" 25/03/2026 COMPRA-2025   I591 A598b BCEG8655231072 25/03/2026 v. 1 Libro
  Infantil Biblioteca Central Estatal de Guanajuato, "Wigberto Jiménez Moreno" Biblioteca Central Estatal de Guanajuato, "Wigberto Jiménez Moreno" 25/03/2026 COMPRA-2025   I591 A598b BCEG8655231073 25/03/2026 v. 1 ej. 2 Libro
Material en Reserva Infantil Biblioteca Central Estatal de Guanajuato, "Wigberto Jiménez Moreno" Biblioteca Central Estatal de Guanajuato, "Wigberto Jiménez Moreno" 25/03/2026 COMPRA-2025   I591 A598b BCEG8655231070 25/03/2026 v. 3 Libro
  Infantil Biblioteca Central Estatal de Guanajuato, "Wigberto Jiménez Moreno" Biblioteca Central Estatal de Guanajuato, "Wigberto Jiménez Moreno" 25/03/2026 COMPRA-2025   I591 A598b BCEG8655231071 25/03/2026 v. 3 ej. 2 Libro
Material en Reserva Infantil Biblioteca Central Estatal de Guanajuato, "Wigberto Jiménez Moreno" Biblioteca Central Estatal de Guanajuato, "Wigberto Jiménez Moreno" 25/03/2026 COMPRA-2025   I591 A598b BCEG8655231068 25/03/2026 v. 4 Libro
  Infantil Biblioteca Central Estatal de Guanajuato, "Wigberto Jiménez Moreno" Biblioteca Central Estatal de Guanajuato, "Wigberto Jiménez Moreno" 25/03/2026 COMPRA-2025   I591 A598b BCEG8655231069 25/03/2026 v. 4 ej. 2 Libro